Longman dictionary of common errors

Guardat en:
Dades bibliogràfiques
Autors principals: Turton, N. D (Autor), Heaton, J. B (Autor)
Format: Llibre
Idioma:anglès
Publicat: Essex Longman 1996
Edició:2a. ed
Matèries:
Etiquetes: Afegir etiqueta
Sense etiquetes, Sigues el primer a etiquetar aquest registre!

MARC

LEADER 00000nam a2200000 a 4500
001 UCN7660
003 CL-VaPUC
008 011019e19960000uk |||||||||||||||||eng|d
082 0 4 |a 423  |b TUR  |2 21 
100 0 |a Turton, N. D  |e author  |9 463642 
700 |a Heaton, J. B  |e author  |9 463643 
245 1 0 |a Longman dictionary of common errors 
250 |a 2a. ed 
300 |a 375 p 
942 |c BK 
945 |d 20011019 00:00:00  |a rbrito 
260 |a Essex  |b Longman  |c 1996 
650 0 |a Inglés  |9 260023 
650 7 |a EJERCICIOS DE REDACCION  |2 CL-VaPUC  |9 311847 
650 0 |a Escritura  |9 264941 
650 0 |a Diccionarios  |9 256200 
583 |a last modification  |c 20171121 12:07:32  |k Rodrigo Vera 
999 |c 297880  |d 297878 
952 |0 0  |1 0  |4 0  |6 423_000000000000000_TUR_1996  |7 0  |8 X  |9 352918  |a BIBEDU  |b BIBEDU  |d 2019-11-21  |i 3728269  |o 423 TUR 1996  |p 3728269  |r 2023-01-13  |w 2019-11-21  |y BK_X  |k CIT